[Event "23e tournoi d'automne"]
[Site "Montigny le Bretonneux"]
[Date "2025.10.19"]
[Round "2.7"]
[White "Demetz, Yves"]
[Black "Carbonero, Jean Marc"]
[Result "1-0"]
[WhiteElo "1766"]
[BlackElo "1399"]
[Annotator "Rivier,Sylvain"]
[PlyCount "41"]
[EventDate "2025.??.??"]
[WhiteTeam "La Dame Noire"]
[BlackTeam "La Dame Noire"]

{Partie espagnole, défense berlinoise} 1. e4 e5 2. Nf3 Nc6 3. Bb5 Nf6 4. O-O
Bd6 5. Re1 a6 6. Ba4 b5 7. Bb3 O-O 8. c3 Na5 9. Bc2 b4 10. d4 Re8 11. Bg5 h6
12. Bh4 Nc4 13. Bb3 Na5 14. Nbd2 Nxb3 15. axb3 c5 16. Nc4 bxc3 17. Nxd6 Qb6 18.
Nxe8 Nxe8 19. bxc3 d6 20. dxe5 Be6 21. c4 1-0

[Event "23e tournoi d'automne"]
[Site "Montigny le Bretonneux"]
[Date "2025.10.19"]
[Round "2.8"]
[White "Chakour, Samir"]
[Black "Pourcel, Nathanael"]
[Result "0-1"]
[WhiteElo "1399"]
[BlackElo "1759"]
[Annotator "Rivier,Sylvain"]
[PlyCount "80"]
[EventDate "2025.??.??"]
[WhiteTeam "Saint-Quentin en Yvelines"]
[BlackTeam "Club d'Echecs du Vesinet"]

{Partie du pion dame} 1. d4 d5 2. Bf4 Nf6 3. Nf3 e6 4. Nbd2 Bd6 5. Ne5 O-O 6.
e3 c5 7. c3 Qc7 8. Bd3 Nbd7 9. Ndf3 Ne4 10. Qc2 Ndf6 11. c4 b6 12. h4 cxd4 13.
exd4 Bb7 14. h5 dxc4 15. Bxc4 b5 16. Bd3 Qxc2 17. Bxc2 h6 18. Ke2 Rac8 19. Bd3
b4 20. Ke3 Rfd8 21. Ne1 Bxe5 22. dxe5 Ng4+ 23. Ke2 Ngxf2 24. Rh4 Nxd3 25. Nxd3
Ba6 26. Rd1 Nc5 27. Rh3 Nxd3 28. Rdxd3 Rxd3 29. Be3 Rc2+ 30. Kf3 Rxb2 31. Ke4
Rxa2 32. Rh1 Re2 33. Kf4 Rdxe3 34. Kg4 Re4+ 35. Kf3 b3 36. Rd1 R2e3+ 37. Kf2
Bd3 38. Ra1 b2 39. Rxa7 b1=Q 40. g3 Qf1# 0-1

[Event "23e tournoi d'automne"]
[Site "Montigny le Bretonneux"]
[Date "2025.10.19"]
[Round "2.9"]
[White "Fasquelle, Cedric"]
[Black "Marques, Gil"]
[Result "1/2-1/2"]
[WhiteElo "1795"]
[BlackElo "1615"]
[Annotator "Rivier,Sylvain"]
[PlyCount "62"]
[EventDate "2025.??.??"]
[WhiteTeam "Saint-Quentin en Yvelines"]
[BlackTeam "C.E. de  Bois-Colombes"]

{Défense française} 1. e4 e6 2. c4 d5 3. cxd5 exd5 4. exd5 Nf6 5. Nc3 Nxd5 6.
Nf3 Nxc3 7. bxc3 Bd6 8. Bc4 Qe7+ 9. Be2 O-O 10. O-O c5 11. Re1 Qc7 12. Ba3 Be6
13. Qc2 Nd7 14. Ng5 Bxh2+ 15. Kh1 g6 16. Nxe6 fxe6 17. Bc4 Rxf2 18. Bxe6+ Kg7
19. Bh3 Ne5 20. Qd1 Nd3 21. Re3 Rd8 22. Qc2 Qf4 23. Rxd3 Rf1+ 24. Rxf1 Qxf1+
25. Kxh2 Rxd3 26. Bc1 c4 27. Qb2 b6 28. Qa3 Qe1 29. Qxa7+ Kh6 30. Ba3 Qg3+ 31.
Kg1 Qe1+ 1/2-1/2

[Event "23e tournoi d'automne"]
[Site "Montigny le Bretonneux"]
[Date "2025.10.19"]
[Round "2.10"]
[White "Conq, Alain"]
[Black "Moulun, Raphael"]
[Result "1-0"]
[WhiteElo "1748"]
[BlackElo "1583"]
[Annotator "Rivier,Sylvain"]
[PlyCount "93"]
[EventDate "2025.??.??"]
[WhiteTeam "Echiquier Scéen - Sceaux"]
[BlackTeam "La Dame Noire"]

{Défense Grünfeld, variante Alekhine} 1. d4 Nf6 2. c4 g6 3. Nc3 d5 4. cxd5
Nxd5 5. e4 Nxc3 6. bxc3 Bg7 7. Bc4 Nc6 8. Ne2 O-O 9. O-O Na5 10. Bd3 c5 11. Be3
c4 12. Bc2 b5 13. Rb1 a6 14. a4 Bd7 15. axb5 axb5 16. d5 Rb8 17. Nd4 e5 18.
dxe6 fxe6 19. Qd2 e5 20. Nf3 Bh3 21. Qxd8 Rbxd8 22. Rxb5 Rxf3 23. gxf3 Bxf1 24.
Kxf1 Ra8 25. Bb6 Nb7 26. Bc7 Ra1+ 27. Rb1 Rxb1+ 28. Bxb1 Nc5 29. Ba2 Nb3 30.
Ke1 Kf7 31. Kd1 Kf6 32. h4 Bh6 33. Bxb3 cxb3 34. Bd8+ Ke6 35. Bg5 Bf8 36. Kc1
Ba3+ 37. Kb1 Kf7 38. f4 Ke6 39. f3 h5 40. c4 Bc5 41. Kb2 Bd4+ 42. Kxb3 Bc5 43.
Ka4 Bd4 44. Kb5 Be3 45. f5+ gxf5 46. exf5+ Kxf5 47. Bxe3 1-0

[Event "23e tournoi d'automne"]
[Site "Montigny le Bretonneux"]
[Date "2025.10.19"]
[Round "2.11"]
[White "Salagnac, Sowan"]
[Black "Bimont, Stephanie"]
[Result "1-0"]
[WhiteElo "1744"]
[BlackElo "1551"]
[Annotator "Rivier,Sylvain"]
[PlyCount "75"]
[EventDate "2025.??.??"]
[WhiteTeam "Saint-Quentin en Yvelines"]
[BlackTeam "Inter Chess"]

{Défense sicilienne, variante Löwenthal} 1. e4 c5 2. Nf3 Nc6 3. d4 cxd4 4.
Nxd4 Nf6 5. Nc3 e5 6. Ndb5 d6 7. Bg5 Be7 8. Be2 a6 9. Na3 b5 10. Bxf6 Bxf6 11.
Nd5 O-O 12. c3 Bb7 13. Nc2 Na7 14. Nce3 Nc8 15. Qd3 Nb6 16. O-O Nxd5 17. Nxd5
Bxd5 18. Qxd5 Qc7 19. a4 bxa4 20. Rxa4 Rab8 21. Rb1 Rb6 22. Rxa6 h6 23. Rxb6
Qxb6 24. b4 Rc8 25. Bh5 Rc7 26. Ra1 Ra7 27. Rxa7 Qxa7 28. g3 Qa1+ 29. Kg2 Qa7
30. b5 Bd8 31. Qxd6 Bc7 32. Qe7 g6 33. Be2 Qb7 34. f3 Qa7 35. Bc4 Bb8 36. Bxf7+
Kh8 37. Qf8+ Kh7 38. Qg8# 1-0

[Event "23e tournoi d'automne"]
[Site "Montigny le Bretonneux"]
[Date "2025.10.19"]
[Round "2.12"]
[White "Le Yaouanq, Gerard"]
[Black "Corbeau, Lou"]
[Result "0-1"]
[WhiteElo "1567"]
[BlackElo "1690"]
[Annotator "Rivier,Sylvain"]
[PlyCount "86"]
[EventDate "2025.??.??"]
[WhiteTeam "Saint-Quentin en Yvelines"]
[BlackTeam "C'Chartres Echecs"]

{Ouverture anglaise, défense anglo-indienne} 1. c4 Nf6 2. d3 e6 3. a3 c5 4. e3
Nc6 5. b3 Be7 6. Bb2 O-O 7. Nd2 d5 8. Qc2 a6 9. Ngf3 b5 10. Be2 bxc4 11. dxc4
Rb8 12. O-O a5 13. Rfd1 Ba6 14. Rab1 Nd7 15. Bd3 h6 16. cxd5 Bxd3 17. Qxd3 exd5
18. Qxd5 Qc7 19. Nf1 Rfd8 20. N3d2 Nde5 21. Qe4 Bd6 22. Kh1 Re8 23. Qc2 Ng4 24.
Nf3 Nce5 25. Bxe5 Nxe5 26. Nxe5 Rxe5 27. Qd2 Rd8 28. h3 Be7 29. Qc2 Bd6 30. a4
Rh5 31. Qe2 Rh4 32. Qf3 Rb4 33. Nd2 Rdb8 34. Qd5 Rd8 35. Nc4 Be7 36. Qf3 Rdb8
37. Rd3 Rxc4 38. Rbd1 Rcb4 39. Rd7 Qe5 40. Ra7 Rxb3 41. Rxa5 Rb1 42. g3 Rxd1+
43. Qxd1 Qe4+ 0-1

[Event "23e tournoi d'automne"]
[Site "Montigny le Bretonneux"]
[Date "2025.10.19"]
[Round "2.13"]
[White "Barthere, Gilles"]
[Black "Derex, Nicolas"]
[Result "1-0"]
[WhiteElo "1551"]
[BlackElo "1654"]
[Annotator "Rivier,Sylvain"]
[PlyCount "107"]
[EventDate "2025.??.??"]
[WhiteTeam "CE Le Roi Soleil - Le Chesnay - Versailles"]
[BlackTeam "C.E. Fontenay le Fleury "]

{Défense sicilienne, fianchetto accéléré} 1. e4 c5 2. Nf3 Nc6 3. d4 cxd4 4.
Nxd4 g6 5. Nc3 Bg7 6. Be3 Nf6 7. f3 O-O 8. Qd2 d5 9. O-O-O Nxd4 10. Bxd4 b6 11.
e5 Ne8 12. f4 Nc7 13. Be2 e6 14. g4 Bd7 15. h4 b5 16. g5 b4 17. Nb1 a5 18. Rh3
Qe7 19. Qe3 Rfc8 20. Bc5 Qe8 21. h5 Bb5 22. hxg6 fxg6 23. Rdh1 Bxe2 24. Qxe2
Na6 25. Bd4 Rc4 26. Qd3 Rac8 27. R1h2 a4 28. a3 bxa3 29. bxa3 Rb8 30. Ba1 Nc5
31. Qf1 Nb3+ 32. Kd1 Nxa1 33. Nd2 Rxc2 34. Rxh7 Rcb2 35. Qh3 Kf7 36. Rxg7+ Kxg7
37. Qh6+ Kf7 38. Qh7+ Kf8 39. Qh8+ Ke7 40. Rh7+ Kd8 41. Qf6+ Kc8 42. Rh8 Qxh8
43. Qxh8+ Kd7 44. Qg7+ Kd8 45. Qf8+ Kd7 46. Qd6+ Kc8 47. Qxe6+ Kc7 48. Qf7+ Kc6
49. Qxg6+ Kc5 50. Qd6+ Kd4 51. e6 Ke3 52. Qe5+ Kd3 53. Qxd5+ Kc3 54. Qc4# 1-0

[Event "23e tournoi d'automne"]
[Site "Montigny le Bretonneux"]
[Date "2025.10.19"]
[Round "2.14"]
[White "Jusselin, Benoit"]
[Black "Archet, Jean-Claude"]
[Result "1-0"]
[WhiteElo "1627"]
[BlackElo "1554"]
[Annotator "Rivier,Sylvain"]
[PlyCount "97"]
[EventDate "2025.??.??"]
[WhiteTeam "La Diagonale - Eybens"]
[BlackTeam "Club 608 d'Echecs Paris"]

{Début Réti} 1. b3 d5 2. Bb2 c5 3. e3 Nc6 4. Nf3 Bg4 5. Bb5 Rc8 6. O-O e6 7.
d3 Nf6 8. Nbd2 Be7 9. Qe1 a6 10. Bxc6+ bxc6 11. Ne5 O-O 12. f4 h6 13. Nxg4 Nxg4
14. Qg3 Nf6 15. Nf3 d4 16. e4 Qc7 17. Bc1 Rfd8 18. e5 Nd5 19. Qe1 Ra8 20. g4 a5
21. f5 exf5 22. gxf5 Bf8 23. Rf2 Re8 24. Rg2 Qd7 25. Bxh6 Qxf5 26. Qg3 Qh7 27.
Bd2 Re6 28. Ng5 Rg6 29. Nxh7 Rxg3 30. Rxg3 Kxh7 31. a4 Ne7 32. Rf1 Kg8 33. Rgf3
Ng6 34. Rxf7 Nxe5 35. R7f5 Ng4 36. h3 Ne3 37. Bxe3 dxe3 38. Re5 c4 39. dxc4 Bd6
40. Re6 Bc5 41. Kg2 Rc8 42. c3 Rd8 43. Rf5 Rd2+ 44. Kf1 Bb6 45. c5 Rf2+ 46.
Rxf2 exf2 47. Rxc6 Ba7 48. Kxf2 Kh7 49. Kf3 1-0

[Event "23e tournoi d'automne"]
[Site "Montigny le Bretonneux"]
[Date "2025.10.19"]
[Round "2.15"]
[White "Ben Abdallah, Mohammed"]
[Black "Longbien, Dominique"]
[Result "0-1"]
[WhiteElo "1299"]
[BlackElo "1625"]
[Annotator "Rivier,Sylvain"]
[PlyCount "98"]
[EventDate "2025.??.??"]
[WhiteTeam "La Dame Noire"]
[BlackTeam "La Dame Noire"]

{Défense Caro-Kann, attaque Panov} 1. d4 d5 2. c4 e6 3. Nc3 Nf6 4. Nf3 c5 5.
e3 Be7 6. Be2 O-O 7. O-O cxd4 8. exd4 h6 9. Ne5 Nc6 10. Nf3 Bd7 11. Bd2 dxc4
12. Bxc4 Qb6 13. Bc1 Rac8 14. Bb5 a6 15. Bxc6 Bxc6 16. Ne5 Be8 17. Re1 Nd7 18.
Na4 Qa7 19. Bf4 Rd8 20. Rc1 Nxe5 21. Bxe5 f6 22. Bc7 Rxd4 23. Bb6 Rxd1 24. Bxa7
Rxe1+ 25. Rxe1 Bxa4 26. Rxe6 Kf7 27. Re4 Bc6 28. Re1 Rd8 29. g3 Rd2 30. Rb1 Be4
31. Re1 Bd5 32. Ra1 Rxb2 33. Rd1 Bxa2 34. Be3 Rb1 35. Rxb1 Bxb1 36. Bd4 Ke6 37.
f3 Kd5 38. Bf2 a5 39. Be1 Bb4 40. Bxb4 axb4 41. Kf2 Kc4 42. Ke2 Kb3 43. h4 Ka2
44. h5 g6 45. Ke3 b3 46. Kf4 gxh5 47. g4 hxg4 48. fxg4 b2 49. Kg3 Bg6 0-1

[Event "23e tournoi d'automne"]
[Site "Montigny le Bretonneux"]
[Date "2025.10.19"]
[Round "2.16"]
[White "Meddour, Ithri"]
[Black "Garabedian, Christophe"]
[Result "1-0"]
[WhiteElo "1619"]
[BlackElo "1399"]
[Annotator "Rivier,Sylvain"]
[PlyCount "69"]
[EventDate "2025.??.??"]
[WhiteTeam "Saint-Quentin en Yvelines"]
[BlackTeam "La Dame Noire"]

{Défense moderne} 1. e4 g6 2. g3 d6 3. c4 Bg7 4. Bg2 Nd7 5. Nc3 e6 6. Nge2 Ne5
7. d4 Nxc4 8. Qa4+ c6 9. Qxc4 Ne7 10. Be3 O-O 11. O-O d5 12. exd5 exd5 13. Qb3
Rb8 14. Bf4 Ra8 15. Be5 Nf5 16. Rad1 f6 17. Bf4 Qe7 18. Rfe1 Qf7 19. Qc2 Be6
20. h3 Rae8 21. g4 Nh4 22. Bd6 f5 23. g5 f4 24. Nxf4 Bf5 25. Qd2 Rxe1+ 26. Rxe1
Rd8 27. Re7 Qf8 28. Qe3 Bxd4 29. Qxd4 Rxd6 30. Ncxd5 Bxh3 31. Nf6+ Rxf6 32.
gxf6 Nf5 33. f7+ Qxf7 34. Qd8+ Qf8 35. Re8 1-0

[Event "23e tournoi d'automne"]
[Site "Montigny le Bretonneux"]
[Date "2025.10.19"]
[Round "2.17"]
[White "Warin, Anouk"]
[Black "Demeocq, Agathe"]
[Result "1-0"]
[WhiteElo "1590"]
[BlackElo "1299"]
[Annotator "Rivier,Sylvain"]
[PlyCount "113"]
[EventDate "2025.??.??"]
[WhiteTeam "C.E. Fontenay le Fleury Les Fous Furieux"]
[BlackTeam "Geneston Sud Loire échecs"]

{Ouverture anglaise} 1. e4 c6 2. c4 Nf6 3. Nc3 e5 4. Nf3 d6 5. h3 Be6 6. Be2 d5
7. exd5 cxd5 8. Nxe5 d4 9. Qa4+ Nbd7 10. Nd5 Nxd5 11. cxd5 Bxd5 12. O-O Bd6 13.
Nxd7 Bc6 14. Qxd4 Bxd7 15. Qxd6 Bc6 16. Qe5+ Qe7 17. Qxe7+ Kxe7 18. Re1 Rhe8
19. d4 Kf8 20. Bd2 Rad8 21. Bc3 Re6 22. Bc4 Rg6 23. g3 Rg5 24. Rad1 Rd6 25. Bb4
Rgg6 26. Bxd6+ Rxd6 27. d5 Bd7 28. Kg2 a6 29. Be2 Bc8 30. Bg4 Bxg4 31. hxg4 g6
32. Re5 Kg7 33. g5 f6 34. gxf6+ Kxf6 35. Re6+ Rxe6 36. dxe6 Kxe6 37. Kf3 Kf6
38. Rd7 Ke5 39. Rxb7 h5 40. Rb6 g5 41. Rxa6 g4+ 42. Ke3 Kf5 43. Ra5+ Kg6 44.
Kf4 Kf6 45. Ra6+ Ke7 46. Ke5 Kd7 47. b4 Kc7 48. Kd5 Kb7 49. b5 Kc7 50. a4 Kb7
51. Kd6 h4 52. gxh4 Kc8 53. Ra7 Kb8 54. b6 Kc8 55. Kc6 Kd8 56. b7 Ke8 57. b8=R#
1-0

[Event "23e tournoi d'automne"]
[Site "Montigny le Bretonneux"]
[Date "2025.10.20"]
[Round "3.1"]
[White "Kunne, Ronald"]
[Black "Forissier, Nicolas"]
[Result "1-0"]
[WhiteElo "1809"]
[BlackElo "1887"]
[Annotator "Rivier,Sylvain"]
[PlyCount "107"]
[EventDate "2025.??.??"]
[WhiteTeam "Club d'Echecs d'Orsay"]
[BlackTeam "La Dame Noire"]

{Partie italienne, guiocco piano} 1. e4 e5 2. Nf3 Nc6 3. Bc4 Bc5 4. c3 Nf6 5.
d4 exd4 6. e5 d5 7. Bb5 Ne4 8. cxd4 Bb6 9. Nc3 O-O 10. Be3 Bg4 11. Bxc6 bxc6
12. h3 Nxc3 13. bxc3 Bf5 14. Bg5 Qd7 15. O-O c5 16. Qd2 cxd4 17. cxd4 c5 18.
dxc5 Bxc5 19. Rad1 Be4 20. Nd4 Rab8 21. Nb3 Bb6 22. Qf4 Qe6 23. Rfe1 h6 24. Bf6
gxf6 25. exf6 Qf5 26. Rxe4 Qxe4 27. Qxh6 Qg6 28. Qf4 Rbe8 29. Rxd5 Re4 30. Qd2
Rfe8 31. Rg5 Re1+ 32. Kh2 Bc7+ 33. g3 Bxg3+ 34. Rxg3 R1e2 35. Rxg6+ fxg6 36.
Qh6 Rxf2+ 37. Kg3 Rxf6 38. Qg5 Kg7 39. Qc5 Ref8 40. Qxa7+ R8f7 41. Qd4 Kh7 42.
Nc5 Rf3+ 43. Kg2 Ra3 44. Qh4+ Kg8 45. Qg4 Raf3 46. Ne6 Rf2+ 47. Kg3 R7f6 48.
Ng5 Kg7 49. Qd4 R2f5 50. Ne4 Rf3+ 51. Kg2 R3f4 52. Qxf6+ Rxf6 53. Nxf6 Kxf6 54.
Kg3 1-0

[Event "23e tournoi d'automne"]
[Site "Montigny le Bretonneux"]
[Date "2025.10.20"]
[Round "3.2"]
[White "Kham-Nguyen, Mathys"]
[Black "Boutant, Jade"]
[Result "1-0"]
[WhiteElo "1883"]
[BlackElo "1787"]
[Annotator "Rivier,Sylvain"]
[PlyCount "101"]
[EventDate "2025.??.??"]
[WhiteTeam "Cergy Pontoise Echecs"]
[BlackTeam "Le Petit-Roque de Sèvres-Ville d'Avray"]

{Gambit dame accepté} 1. e4 c6 2. c4 d5 3. exd5 cxd5 4. cxd5 Qxd5 5. Nc3 Qd8
6. d4 Nf6 7. Nf3 a6 8. Bc4 e6 9. a4 Be7 10. O-O O-O 11. Qe2 Nc6 12. Rd1 Nb4 13.
Ne5 b6 14. Qf3 Ra7 15. Qg3 Re8 16. Bh6 Bf8 17. Bg5 Be7 18. Qh3 Nfd5 19. Bxe7
Raxe7 20. Rac1 Bb7 21. Qg3 f6 22. Ng4 Kf8 23. h4 Qc7 24. Qxc7 Rxc7 25. Bxd5
exd5 26. Ne3 Rec8 27. g3 Kg8 28. Kg2 Bc6 29. Ra1 g6 30. Rd2 Bd7 31. Re1 Kf7 32.
Kf1 Be6 33. f3 Rd7 34. Kf2 Nc6 35. g4 Na5 36. Rde2 Rc6 37. Ng2 g5 38. hxg5 fxg5
39. Re5 h6 40. Ne3 Rcd6 41. Nf5 Bxf5 42. Rxf5+ Kg6 43. Re8 Nc6 44. Ne2 Rd8 45.
Re3 Kg7 46. Ng3 Nxd4 47. Re7+ Kg8 48. Rff7 Rg6 49. Nh5 Rf8 50. Nf6+ Rxf6 51.
Rg7+ 1-0

[Event "23e tournoi d'automne"]
[Site "Montigny le Bretonneux"]
[Date "2025.10.20"]
[Round "3.3"]
[White "Beaufils, Philippe"]
[Black "Demetz, Yves"]
[Result "1-0"]
[WhiteElo "1835"]
[BlackElo "1766"]
[Annotator "Rivier,Sylvain"]
[PlyCount "43"]
[EventDate "2025.??.??"]
[WhiteTeam "GIF-CC2-Echecs"]
[BlackTeam "La Dame Noire"]

{Défense scandinave} 1. e4 d5 2. exd5 Qxd5 3. Nc3 Qd6 4. d4 Nf6 5. Bd3 Nc6 6.
Nge2 Nb4 7. Bf4 Nxd3+ 8. Qxd3 Qd8 9. d5 a5 10. Rd1 Bd7 11. O-O g6 12. Ne4 Bg7
13. Nxf6+ Bxf6 14. Bh6 Bf5 15. Qb3 Bc8 16. Ng3 Qd6 17. Ne4 Qe5 18. Qc4 Bd7 19.
Rfe1 b5 20. Qc5 Rc8 21. Nxf6+ Qxf6 22. Bg7 1-0

[Event "23e tournoi d'automne"]
[Site "Montigny le Bretonneux"]
[Date "2025.10.20"]
[Round "3.4"]
[White "Pourcel, Nathanael"]
[Black "Giblin, Martin"]
[Result "1/2-1/2"]
[WhiteElo "1759"]
[BlackElo "1843"]
[Annotator "Rivier,Sylvain"]
[PlyCount "59"]
[EventDate "2025.??.??"]
[WhiteTeam "Club d'Echecs du Vesinet"]
[BlackTeam "Malakoff et Mat"]

{Ouverture du pion dame} 1. d4 Nf6 2. c4 Nc6 3. Nc3 e5 4. d5 Ne7 5. Nf3 Ng6 6.
h4 h5 7. Bg5 Bb4 8. Qc2 Bxc3+ 9. bxc3 d6 10. e3 Bg4 11. Nd2 Qd7 12. Bxf6 gxf6
13. f3 Bf5 14. e4 Nxh4 15. Rxh4 Bg6 16. Rb1 Rb8 17. Qb2 O-O 18. Nb3 b6 19. Qf2
Kg7 20. Bd3 Rh8 21. Qg3 Rhg8 22. Qh3 Qa4 23. Rb2 Qa3 24. Rc2 a5 25. Qd7 a4 26.
Nc1 Qc5 27. Re2 Qa3 28. Rc2 Qc5 29. Re2 Qa3 30. Rc2 1/2-1/2

[Event "23e tournoi d'automne"]
[Site "Montigny le Bretonneux"]
[Date "2025.10.20"]
[Round "3.5"]
[White "Mourgues, Joelle"]
[Black "Conq, Alain"]
[Result "1-0"]
[WhiteElo "1686"]
[BlackElo "1748"]
[Annotator "Rivier,Sylvain"]
[PlyCount "53"]
[EventDate "2025.??.??"]
[WhiteTeam "Saint-Quentin en Yvelines"]
[BlackTeam "Echiquier Scéen - Sceaux"]

{Début Réti} 1. Nf3 c5 2. g3 Nc6 3. c3 e5 4. e4 g6 5. d3 Bg7 6. Bg2 Nge7 7.
Nbd2 d6 8. O-O O-O 9. a4 h6 10. Nc4 Be6 11. Ne3 a6 12. Nh4 b5 13. Nd5 b4 14.
Bd2 a5 15. Bh1 bxc3 16. bxc3 Rb8 17. Qc1 Kh7 18. Bf3 Ng8 19. Ng2 Qd7 20. Nge3
Rb7 21. Bg2 Rfb8 22. f4 exf4 23. gxf4 Rb3 24. f5 Bxd5 25. Nxd5 Be5 26. Qd1 Bxc3
27. Bxc3 1-0

[Event "23e tournoi d'automne"]
[Site "Montigny le Bretonneux"]
[Date "2025.10.20"]
[Round "3.6"]
[White "Jusselin, Benoit"]
[Black "Fasquelle, Cedric"]
[Result "0-1"]
[WhiteElo "1627"]
[BlackElo "1795"]
[Annotator "Rivier,Sylvain"]
[PlyCount "128"]
[EventDate "2025.??.??"]
[WhiteTeam "La Diagonale - Eybens"]
[BlackTeam "Saint-Quentin en Yvelines"]

{Début Larsen} 1. b3 e5 2. Bb2 Nc6 3. e3 d5 4. Bb5 Qg5 5. Nf3 Qxg2 6. Rg1 Qh3
7. Bxe5 Bg4 8. Rg3 Qh5 9. Bxc7 Rc8 10. Bxc6+ bxc6 11. Ba5 Bd6 12. Rxg4 Qxg4 13.
d3 Ne7 14. Nbd2 O-O 15. Qe2 Ba3 16. Bc3 c5 17. Qf1 d4 18. exd4 cxd4 19. Bxd4
Nf5 20. Be3 Nxe3 21. fxe3 Rxc2 22. Kd1 Rc7 23. Nc4 Bc5 24. d4 Be7 25. Kd2 Bf6
26. Qf2 Rfc8 27. Kd3 Qf5+ 28. Ke2 a5 29. Nfd2 Qh5+ 30. Kd3 a4 31. Rg1 Kf8 32.
Ne4 Rc6 33. Nc5 axb3 34. axb3 Qd5 35. e4 Qd8 36. Na4 Rb8 37. Rb1 Rc7 38. e5 Bh4
39. Qf3 Be7 40. Nab6 Rcb7 41. e6 Bf6 42. Nd7+ Rxd7 43. exd7 Qxd7 44. d5 Rd8 45.
d6 Be7 46. Qd5 Bxd6 47. Qxd6+ Qxd6+ 48. Nxd6 Rxd6+ 49. Ke3 Ke7 50. b4 Rb6 51.
Kd4 Kd6 52. b5 f5 53. Kc4 Kc7 54. Rc1 Rh6 55. Kd5+ Kb6 56. Rc6+ Rxc6 57. bxc6
Kc7 58. h4 g6 59. h5 gxh5 60. Ke5 h4 61. Kf4 h3 62. Kg3 h2 63. Kxh2 Kxc6 64.
Kg3 Kd6 0-1

[Event "23e tournoi d'automne"]
[Site "Montigny le Bretonneux"]
[Date "2025.10.20"]
[Round "3.7"]
[White "Longbien, Dominique"]
[Black "Salagnac, Sowan"]
[Result "0-1"]
[WhiteElo "1625"]
[BlackElo "1744"]
[Annotator "Rivier,Sylvain"]
[PlyCount "68"]
[EventDate "2025.??.??"]
[WhiteTeam "La Dame Noire"]
[BlackTeam "Saint-Quentin en Yvelines"]

{Ouverture anglaise, variante Nimzo refusée} 1. d4 Nf6 2. c4 e6 3. Nc3 d5 4.
cxd5 exd5 5. g3 c6 6. Bg2 Bd6 7. e3 Bf5 8. Nge2 O-O 9. O-O Nbd7 10. a3 Re8 11.
b4 a6 12. Na4 Nb6 13. Nc5 Qe7 14. Bb2 Nc4 15. Bc3 Ne4 16. Be1 a5 17. b5 Nxc5
18. dxc5 Bxc5 19. bxc6 bxc6 20. Nd4 Bxd4 21. Qxd4 Nxa3 22. Bc3 f6 23. Qa4 Nb5
24. Bxd5+ cxd5 25. Qxb5 Qe4 26. Ra4 Qe6 27. Rxa5 Rxa5 28. Qxa5 Bh3 29. Rd1 Rb8
30. Qc7 Rc8 31. Qa5 Qe4 32. Qxd5+ Qxd5 33. Rxd5 Rxc3 34. Rh5 Rc1# 0-1

[Event "23e tournoi d'automne"]
[Site "Montigny le Bretonneux"]
[Date "2025.10.20"]
[Round "3.8"]
[White "Gazay, Didier"]
[Black "Meddour, Ithri"]
[Result "0-1"]
[WhiteElo "1730"]
[BlackElo "1619"]
[Annotator "Rivier,Sylvain"]
[PlyCount "96"]
[EventDate "2025.??.??"]
[WhiteTeam "Echiquier Scéen - Sceaux"]
[BlackTeam "Saint-Quentin en Yvelines"]

{Ouverture anglaise, variante Nimzo refusée} 1. c4 Nf6 2. g3 e6 3. Bg2 d5 4.
d4 c6 5. cxd5 exd5 6. Nc3 Bd6 7. Nf3 Bf5 8. Ne5 Ng4 9. Nxg4 Bxg4 10. O-O Qd7
11. Re1 O-O 12. f3 Bh3 13. e4 Bxg2 14. Kxg2 Na6 15. e5 Bb4 16. a3 Bxc3 17. bxc3
Nc7 18. f4 f5 19. Qb3 b5 20. a4 a6 21. Ba3 Rfc8 22. Bc5 Ne6 23. Bd6 h5 24. Qc2
Qf7 25. h4 g6 26. Qb3 Kh7 27. Ra2 Ra7 28. Kh2 Rca8 29. Qb4 Qb7 30. Bc5 a5 31.
Qb2 Nxc5 32. dxc5 Rb8 33. e6 Qe7 34. Qf2 Qf6 35. Qe3 Re7 36. axb5 Rxb5 37. Rae2
Rb3 38. Qd4 Qxd4 39. cxd4 a4 40. Re3 Rb4 41. Rd1 Kg7 42. Kg2 Kf6 43. Kf3 Rxe6
44. Rdd3 Re4 45. Kf2 Kf7 46. Ke2 Rbxd4 47. Rxd4 Rxd4 48. Ke1 Re4 0-1

[Event "23e tournoi d'automne"]
[Site "Montigny le Bretonneux"]
[Date "2025.10.20"]
[Round "3.9"]
[White "Marques, Gil"]
[Black "Duget, Long Jc"]
[Result "1-0"]
[WhiteElo "1615"]
[BlackElo "1707"]
[Annotator "Rivier,Sylvain"]
[PlyCount "101"]
[EventDate "2025.??.??"]
[WhiteTeam "C.E. de  Bois-Colombes"]
[BlackTeam "C.E. Fontenay le Fleury "]

{Défense hollandaise-indienne} 1. d4 f5 2. c4 Nf6 3. Nc3 e6 4. g3 c6 5. Bg2 d5
6. cxd5 exd5 7. Nh3 Be7 8. O-O O-O 9. Nf4 Ne4 10. Nd3 Nd7 11. Qb3 Qb6 12. Qxb6
Nxb6 13. f3 Nxc3 14. bxc3 Nc4 15. a4 b6 16. e4 Be6 17. Bh3 g6 18. Nf4 Kf7 19.
exf5 Bxf5 20. Bxf5 gxf5 21. Re1 Bd6 22. Nd3 Rfe8 23. Rxe8 Rxe8 24. Kf2 c5 25.
Nf4 Bxf4 26. Bxf4 cxd4 27. cxd4 Rc8 28. Rc1 Rc6 29. Rb1 Na5 30. Bb8 Rc2+ 31.
Ke3 Nc6 32. Bf4 Ke6 33. g4 fxg4 34. fxg4 Rc4 35. Rd1 Rxa4 36. h4 b5 37. g5 Kf5
38. h5 b4 39. Bd6 a5 40. Rf1+ Ke6 41. Rf6+ Kd7 42. g6 Ra3+ 43. Kf4 hxg6 44.
hxg6 Ra1 45. Kg4 Rg1+ 46. Bg3 Ne7 47. Ra6 Ra1 48. g7 Ng8 49. Ra8 Nf6+ 50. Kf5
Rf1+ 51. Bf4 1-0

[Event "23e tournoi d'automne"]
[Site "Montigny le Bretonneux"]
[Date "2025.10.20"]
[Round "3.10"]
[White "Warin, Anouk"]
[Black "Chatterjee, Adhyayan"]
[Result "0-1"]
[WhiteElo "1590"]
[BlackElo "1692"]
[Annotator "Rivier,Sylvain"]
[PlyCount "126"]
[EventDate "2025.??.??"]
[WhiteTeam "C.E. Fontenay le Fleury Les Fous Furieux"]
[BlackTeam "C.E. de  Bois-Colombes"]

{Défense Caro-Kann, attaque Panov} 1. e4 c5 2. c3 g6 3. d4 cxd4 4. cxd4 d5 5.
exd5 Nf6 6. Nc3 Bg7 7. Bb5+ Bd7 8. Bxd7+ Nbxd7 9. Nf3 O-O 10. O-O Nb6 11. Qb3
Nfxd5 12. Re1 e6 13. Bg5 Qd6 14. Rac1 Qb4 15. Qc2 Bxd4 16. Nxd4 Qxd4 17. Bh6
Rfd8 18. Re4 Qf6 19. h4 Nxc3 20. bxc3 Qf5 21. Qe2 Qh5 22. Qe3 Nd5 23. Qg5 Qxg5
24. Bxg5 f6 25. Bh6 e5 26. c4 Ne7 27. c5 Nf5 28. Be3 Nxe3 29. Rxe3 Rac8 30. Re4
Rd5 31. Rec4 Rc6 32. R1c2 Kf7 33. Kf1 Ke6 34. Ke2 Rd4 35. Ke3 Rxc4 36. Rxc4 Kd5
37. Rc2 Rxc5 38. Rd2+ Ke6 39. Rd8 Rd5 40. Re8+ Kf7 41. Ra8 a6 42. Rc8 Rd7 43.
Rh8 Ke6 44. Rc8 Kd5 45. Rc2 f5 46. f4 e4 47. Rd2+ Kc6 48. Rc2+ Kb5 49. Rc3 Rd3+
50. Rxd3 exd3 51. Kxd3 Ka4 52. Kc2 Ka3 53. Kb1 b5 54. Ka1 a5 55. Kb1 a4 56. Ka1
b4 57. Kb1 b3 58. axb3 axb3 59. Ka1 Kb4 60. Kb2 Kc4 61. Kc1 Kc3 62. Kb1 b2 63.
g3 h5 0-1

[Event "23e tournoi d'automne"]
[Site "Montigny le Bretonneux"]
[Date "2025.10.20"]
[Round "3.11"]
[White "Corbeau, Lou"]
[Black "Barthere, Gilles"]
[Result "1-0"]
[WhiteElo "1690"]
[BlackElo "1551"]
[Annotator "Rivier,Sylvain"]
[PlyCount "31"]
[EventDate "2025.??.??"]
[WhiteTeam "C'Chartres Echecs"]
[BlackTeam "CE Le Roi Soleil - Le Chesnay - Versailles"]

{Défense Benoni} 1. d4 Nf6 2. c4 e6 3. g3 c5 4. d5 d6 5. Bg2 Qc7 6. Nc3 a6 7.
Nf3 g6 8. Bf4 Bg7 9. dxe6 Bxe6 10. Bxd6 Qb6 11. O-O Bf8 12. Be5 Bg7 13. Na4 Qa5
14. Qb3 O-O 15. Nb6 Ra7 16. Bc3 1-0